포켓몬스터 1세대 151마리 - Statistics

General Stats
  • This quiz has been taken 49 times
  • The average score is 59 of 151
Answer Stats
# Pokémon % Correct
4 파이리
87%
7 꼬부기
87%
25 피카츄
87%
26 라이츄
87%
1 이상해씨
80%
2 이상해풀
80%
3 이상해꽃
80%
5 리자드
80%
6 리자몽
80%
8 어니부기
80%
9 거북왕
80%
12 버터플
80%
17 피죤
73%
18 피죤투
73%
80 야도란
73%
109 또가스
73%
11 단데기
67%
79 야돈
67%
94 팬텀
67%
147 미뇽
67%
149 망나뇽
67%
150 뮤츠
67%
151
67%
10 캐터피
60%
13 뿔충이
60%
15 독침붕
60%
16 구구
60%
92 고오스
60%
143 잠만보
60%
145 썬더
60%
146 파이어
60%
148 신뇽
60%
14 딱충이
53%
19 꼬렛
53%
21 깨비참
53%
51 닥트리오
53%
54 고라파덕
53%
67 근육몬
53%
95 롱스톤
53%
110 또도가스
53%
120 별가사리
53%
144 프리져
53%
50 디그다
47%
55 골덕
47%
65 후딘
47%
66 알통몬
47%
68 괴력몬
47%
74 꼬마돌
47%
93 고우스트
47%
121 아쿠스타
47%
133 이브이
47%
134 샤미드
47%
135 쥬피썬더
47%
136 부스터
47%
20 레트라
40%
23 아보
40%
24 아보크
40%
27 모래두지
40%
52 나옹
40%
58 가디
40%
59 윈디
40%
64 윤겔라
40%
81 코일
40%
83 파오리
40%
84 두두
40%
85 두트리오
40%
129 잉어킹
40%
130 갸라도스
40%
131 라프라스
40%
22 깨비드릴조
33%
28 고지
33%
39 푸린
33%
53 페르시온
33%
63 캐이시
33%
75 데구리
33%
76 딱구리
33%
78 날쌩마
33%
82 레어코일
33%
101 붐볼
33%
104 탕구리
33%
105 텅구리
33%
123 스라크
33%
126 마그마
33%
132 메타몽
33%
142 프테라
33%
35 삐삐
27%
36 픽시
27%
37 식스테일
27%
38 나인테일
27%
43 뚜벅쵸
27%
44 냄새꼬
27%
45 라플레시아
27%
60 발챙이
27%
61 슈륙챙이
27%
62 강챙이
27%
69 모다피
27%
70 우츠동
27%
71 우츠보트
27%
77 포니타
27%
86 쥬쥬
27%
87 쥬레곤
27%
88 질퍽이
27%
100 찌리리공
27%
113 럭키
27%
115 캥카
27%
122 마임맨
27%
124 루주라
27%
128 켄타로스
27%
137 폴리곤
27%
140 투구
27%
141 투구푸스
27%
29 니드런♀
20%
30 니드리나
20%
31 니드퀸
20%
32 니드런♂
20%
33 니드리노
20%
34 니드킹
20%
40 푸크린
20%
46 파라스
20%
47 파라섹트
20%
48 콘팡
20%
49 도나리
20%
90 셀러
20%
91 파르셀
20%
98 크랩
20%
99 킹크랩
20%
106 시라소몬
20%
107 홍수몬
20%
111 뿔카노
20%
112 코뿌리
20%
114 덩쿠리
20%
116 쏘드라
20%
117 시드라
20%
118 콘치
20%
125 에레브
20%
138 암나이트
20%
139 암스타
20%
41 주뱃
13%
42 골뱃
13%
56 망키
13%
57 성원숭
13%
72 왕눈해
13%
73 독파리
13%
89 질뻐기
13%
102 아라리
13%
103 나시
13%
119 왕콘치
13%
127 쁘사이저
13%
96 슬리프
7%
97 슬리퍼
7%
108 내루미
7%
No matching quizzes found
Score Distribution
Percent of People with Each Score
Percentile by Number Answered
Your Score History
You have not taken this quiz